| 000 | 00672nam a2200205 u 4500 | ||
|---|---|---|---|
| 001 | 000281669 | ||
| 003 | AM-YeHGA | ||
| 005 | 20250617125719.0 | ||
| 008 | 031110s1963 ai r 000 0 arm d | ||
| 040 | _aAM-YeHGA | ||
| 041 | 0 | _aarm | |
| 080 | _a34C1 | ||
| 090 | _aԲ-12 | ||
| 100 | 1 | _aԲաբաջանյան, Միքայել Հմայակի | |
| 245 | 1 | 0 |
_aՍովետների և հասարակական կազմակերպությունների դերի բարձրացումը / _cՄ. Բաբաջանյան. |
| 260 |
_aԵրևան : _bՀայպետհրատ, _c1963. |
||
| 300 |
_a60 էջ ; _c20 սմ. |
||
| 650 | 1 | 4 | _aՀասարակագիտություն |
| 090 | _c104397 | ||
| 999 |
_c103078 _d103078 |
||